Personnages dans Great Teacher Onizuka - Statistiques

Statistiques générales
  • Ce quiz a été pris 174 fois
  • Le résultat moyen est 4 sur 10
Statistiques - réponses
Hint Réponse % Correct
Professeur d'une classe turbulente et ancien Yakuza,il est célibataire et libre comme l'air ! Eikichi Onizuka
100%
Professeure dans le même établissement qu'un certain blond, elle deviendra de plus en plus proche de celui-ci au fil de l'animé Asuza Fuyutsuki
51%
Ancien Yakuza, c'est le meilleur ami du protagoniste de l'histoireet travaille dans un garage Ryuji Danma
41%
(Nom en VF) Elève maladroite et naive, elle attirera l'attention du protagoniste Tomoko Nomura
40%
Génie au QI hors-norme, elle fait partie de la troisième 4 Urumi Kanzaki
39%
Elève impulsif et parfois violent, il sera le premier à causer des problèmes au professeur de sa classe Kunio Murai
37%
Elève timide de la troisième 4, il prendra confiance avec la rencontre d'un professeur Noboru Yoshikawa
24%
Sous-directeur de l'établissement, il détestera de plus en plus le personnage principal Hirohsi Uchiyamada
22%
Elève très intelligent, il se sert de ses compétences pour piéger les professeurs Yoshito Kikuchi
20%
Directrice de l'école Kissho, elle est plus du coté du professeur blond que le sous-directeur Ryoko Sakurai
6%
Aucun quiz correspondant
Distribution des résultats
% des personnes avec chaque résultat
Percentile par nombre de réponses
Votre historique - résultats
Vous n’avez pas pris ce quiz